American Geography by letter - D - Statistics

General Stats
  • This quiz has been taken 31 times
  • The average score is 6 of 11
Answer Stats
Hint Answer % Correct
"The Mile High City." Denver
96%
Popular theme park in Orlando Disney
89%
Highest peak on the continent Denali
86%
Texas's largest airport's code DFW
50%
Minnesota town on lake Superior Duluth
50%
The Purple Gang was based here Detroit
46%
Hometown of the Wright brothers Dayton
39%
River that Philadelphia sits on Delaware
39%
Peninsula shared by three states Delmarva
29%
Island pair shared with Russia Diomede
29%
Fictional Maine town imagined by Stephen King Derry
21%
No matching quizzes found
Score Distribution
Percent of People with Each Score
Percentile by Number Answered
Your Score History
You have not taken this quiz